000 00299nam a2200145Ia 4500
100 _aNone
650 _aElectrical Engineering
942 _cBK
654 _aTerminology
245 _aTerminology
260 _bE.I.T.B
_aEngland
_c1980
082 _a621
_bITB
300 _a100
546 _aENGLISH
999 _c18824
_d18824